[Event "Turniej Przyjazni Polsko-Wegierskiej"]
[Site "Katowice"]
[Date "2018.05.05"]
[Round "6.11"]
[White "Piesik, Piotr"]
[Black "Kaczmarek, Aleksander"]
[Result "1-0"]
[BlackElo "2148"]
[WhiteElo "2341"]
[LiveChessVersion "1.4.8"]

1. d4 {[%clk 0:12:24]} c5 {[%clk 0:15:18]} 2. d5 {[%clk 0:12:28]} e6
{[%clk 0:15:23]} 3. e4 {[%clk 0:12:37]} exd5 {[%clk 0:15:30]} 4. exd5
{[%clk 0:12:46]} d6 {[%clk 0:15:39]} 5. Nc3 {[%clk 0:12:54]} a6 {[%clk 0:15:47]}
6. a4 {[%clk 0:13:03]} Nf6 {[%clk 0:15:40]} 7. Nf3 {[%clk 0:13:11]} Bg4
{[%clk 0:15:35]} 8. Be2 {[%clk 0:13:08]} Be7 {[%clk 0:15:18]} 9. Nd2
{[%clk 0:12:47]} Bxe2 {[%clk 0:15:25]} 10. Qxe2 {[%clk 0:12:56]} O-O
{[%clk 0:15:27]} 11. O-O {[%clk 0:13:04]} Re8 {[%clk 0:15:26]} 12. Nc4
{[%clk 0:12:58]} Nbd7 {[%clk 0:15:18]} 13. Bf4 {[%clk 0:12:32]} Nb6
{[%clk 0:14:52]} 14. Ne3 {[%clk 0:12:30]} Bf8 {[%clk 0:14:56]} 15. Qf3
{[%clk 0:12:15]} Nbd7 {[%clk 0:14:18]} 16. Nc4 {[%clk 0:10:23]} Nb6
{[%clk 0:14:23]} 17. Ne3 {[%clk 0:09:53]} Nbd7 {[%clk 0:14:30]} 18. Nc4
{[%clk 0:09:45]} Nb6 {[%clk 0:14:35]} 19. Nd2 {[%clk 0:09:54]} Rb8
{[%clk 0:13:59]} 20. a5 {[%clk 0:09:50]} Na8 {[%clk 0:13:59]} 21. Nc4
{[%clk 0:09:46]} Nc7 {[%clk 0:14:03]} 22. Rfe1 {[%clk 0:09:32]} Rxe1+
{[%clk 0:13:39]} 23. Rxe1 {[%clk 0:09:41]} Nb5 {[%clk 0:13:48]} 24. Ne2
{[%clk 0:08:00]} Nd7 {[%clk 0:12:32]} 25. c3 {[%clk 0:07:52]} Qe7
{[%clk 0:11:51]} 26. Kf1 {[%clk 0:07:43]} Re8 {[%clk 0:11:56]} 27. Rd1
{[%clk 0:07:11]} Qf6 {[%clk 0:11:00]} 28. Ng3 {[%clk 0:05:55]} Qg6
{[%clk 0:09:50]} 29. Rc1 {[%clk 0:05:04]} Nf6 {[%clk 0:09:45]} 30. h3
{[%clk 0:04:11]} Ne4 {[%clk 0:08:29]} 31. Ne2 {[%clk 0:03:11]} Qf5
{[%clk 0:08:17]} 32. Rd1 {[%clk 0:03:06]} h6 {[%clk 0:08:05]} 33. g4
{[%clk 0:03:01]} Qf6 {[%clk 0:08:00]} 34. Kg2 {[%clk 0:03:04]} Qg6
{[%clk 0:06:29]} 35. Ng3 {[%clk 0:02:18]} Nxg3 {[%clk 0:05:17]} 36. Bxg3
{[%clk 0:02:27]} Qc2 {[%clk 0:04:23]} 37. Qd3 {[%clk 0:02:32]} Qb3
{[%clk 0:04:28]} 38. h4 {[%clk 0:02:17]} Kh8 {[%clk 0:03:13]} 39. g5
{[%clk 0:02:24]} h5 {[%clk 0:03:09]} 40. g6 {[%clk 0:01:53]} fxg6
{[%clk 0:03:11]} 41. Rd2 {[%clk 0:02:02]} Kh7 {[%clk 0:03:09]} 42. Re2
{[%clk 0:02:04]} Rxe2 {[%clk 0:03:04]} 43. Qxe2 {[%clk 0:02:13]} Be7
{[%clk 0:03:13]} 44. Nb6 {[%clk 0:01:37]} Bf6 {[%clk 0:03:09]} 45. Qe4
{[%clk 0:01:45]} Qxb2 {[%clk 0:03:07]} 46. Nd7 {[%clk 0:01:54]} Qxc3
{[%clk 0:03:14]} 47. Nf8+ {[%clk 0:02:02]} Kg8 {[%clk 0:03:16]} 48. Nxg6
{[%clk 0:02:04]} Qxa5 {[%clk 0:02:18]} 49. Qe8+ {[%clk 0:02:06]} Kh7
{[%clk 0:02:27]} 50. Nf8+ {[%clk 0:02:12]} Kg8 {[%clk 0:02:36]} 51. Nd7+
{[%clk 0:02:03]} Kh7 {[%clk 0:02:41]} 52. Qxh5+ {[%clk 0:02:11]} Kg8
{[%clk 0:02:49]} 53. Qe8+ {[%clk 0:02:14]} Kh7 {[%clk 0:02:57]} 54. Nf8+
{[%clk 0:02:14]} Kg8 {[%clk 0:03:06]} 55. Ng6+ {[%clk 0:02:15]} Kh7
{[%clk 0:03:16]} 56. Nf8+ {[%clk 0:02:14]} Kg8 {[%clk 0:03:25]} 57. Ne6+
{[%clk 0:02:17]} Kh7 {[%clk 0:03:33]} 58. h5 {[%clk 0:02:19]} Nc7
{[%clk 0:03:19]} 59. Nf8+ {[%clk 0:02:28]} Kg8 {[%clk 0:03:29]} 60. Qc8
{[%clk 0:02:27]} Nxd5 {[%clk 0:02:24]} 61. Ng6+ {[%clk 0:02:23]} Kf7
{[%clk 0:02:25]} 62. Qf8+ {[%clk 0:02:25]} Ke6 {[%clk 0:02:33]} 63. Qxd6+
{[%clk 0:02:33]} Kf5 {[%clk 0:01:51]} 64. Qxd5+ {[%clk 0:02:41]} Kg4
{[%clk 0:01:59]} 65. f3# {[%clk 0:02:44]} 1-0

[Event "Turniej Przyjazni Polsko-Wegierskiej"]
[Site "Katowice"]
[Date "2018.05.05"]
[Round "6.12"]
[White "Antolak, Julia"]
[Black "Przybylski, Wojciech"]
[Result "1-0"]
[BlackElo "2326"]
[WhiteElo "2085"]
[LiveChessVersion "1.4.8"]

1. e4 {[%clk 0:15:18]} e5 {[%clk 0:15:17]} 2. Nf3 {[%clk 0:15:26]} Nc6
{[%clk 0:15:25]} 3. Bb5 {[%clk 0:15:34]} Nf6 {[%clk 0:15:31]} 4. O-O
{[%clk 0:15:29]} Nxe4 {[%clk 0:15:39]} 5. Re1 {[%clk 0:15:14]} Nd6
{[%clk 0:15:46]} 6. Nxe5 {[%clk 0:15:16]} Be7 {[%clk 0:15:46]} 7. Bf1
{[%clk 0:15:16]} Nf5 {[%clk 0:15:14]} 8. Nf3 {[%clk 0:14:11]} O-O
{[%clk 0:14:50]} 9. d4 {[%clk 0:14:15]} d5 {[%clk 0:14:56]} 10. Bf4
{[%clk 0:14:01]} Bf6 {[%clk 0:13:45]} 11. c3 {[%clk 0:11:53]} Nce7
{[%clk 0:12:40]} 12. Be5 {[%clk 0:11:47]} Ng6 {[%clk 0:12:40]} 13. Nbd2
{[%clk 0:10:25]} Be7 {[%clk 0:07:23]} 14. Qc2 {[%clk 0:08:57]} Nxe5
{[%clk 0:04:07]} 15. dxe5 {[%clk 0:08:48]} c5 {[%clk 0:03:02]} 16. Bd3
{[%clk 0:08:38]} g6 {[%clk 0:03:09]} 17. c4 {[%clk 0:08:40]} d4 {[%clk 0:03:00]}
18. Ne4 {[%clk 0:08:48]} Ng7 {[%clk 0:02:35]} 19. h3 {[%clk 0:07:14]} a5
{[%clk 0:02:14]} 20. b3 {[%clk 0:05:35]} Ra6 {[%clk 0:02:23]} 21. Qd2
{[%clk 0:05:37]} Bf5 {[%clk 0:01:18]} 22. Qf4 {[%clk 0:04:51]} Ne6
{[%clk 0:01:02]} 23. Qd2 {[%clk 0:04:11]} b6 {[%clk 0:00:42]} 24. Nf6+
{[%clk 0:04:04]} Bxf6 {[%clk 0:00:50]} 25. Bxf5 {[%clk 0:04:12]} Bg5
{[%clk 0:00:36]} 26. Nxg5 {[%clk 0:04:04]} Qxg5 {[%clk 0:00:45]} 27. Qxg5
{[%clk 0:04:10]} Nxg5 {[%clk 0:00:54]} 28. Bd7 {[%clk 0:03:52]} Ne6
{[%clk 0:00:54]} 29. g3 {[%clk 0:03:44]} Ra7 {[%clk 0:01:01]} 30. Bc6
{[%clk 0:03:52]} Kg7 {[%clk 0:00:43]} 31. f4 {[%clk 0:03:55]} Rd8
{[%clk 0:00:30]} 32. Kf2 {[%clk 0:03:25]} Rc7 {[%clk 0:00:31]} 33. Bd5
{[%clk 0:03:24]} Rcd7 {[%clk 0:00:40]} 34. Rad1 {[%clk 0:02:46]} Nc7
{[%clk 0:00:23]} 35. Bc6 {[%clk 0:02:54]} Re7 {[%clk 0:00:32]} 36. g4
{[%clk 0:02:48]} Re6 {[%clk 0:00:39]} 37. Bf3 {[%clk 0:02:23]} Rde8
{[%clk 0:00:27]} 38. Bd5 {[%clk 0:02:16]} R6e7 {[%clk 0:00:36]} 39. Bc6
{[%clk 0:02:24]} Rd8 {[%clk 0:00:30]} 40. f5 {[%clk 0:02:28]} f6 {[%clk 0:00:24]}
41. exf6+ {[%clk 0:02:03]} Kxf6 {[%clk 0:00:28]} 42. g5+ {[%clk 0:02:10]} Kf7
{[%clk 0:00:35]} 43. f6 {[%clk 0:02:19]} Re3 {[%clk 0:00:17]} 44. Rxe3
{[%clk 0:01:49]} dxe3+ {[%clk 0:00:26]} 45. Ke2 {[%clk 0:01:59]} Rd4
{[%clk 0:00:12]} 46. Bf3 {[%clk 0:01:32]} h6 {[%clk 0:00:17]} 47. gxh6
{[%clk 0:01:29]} Kxf6 {[%clk 0:00:26]} 48. Kxe3 {[%clk 0:01:38]} Ne6
{[%clk 0:00:18]} 49. Rf1 {[%clk 0:01:30]} g5 {[%clk 0:00:20]} 50. Be4+
{[%clk 0:01:22]} Nf4 {[%clk 0:00:24]} 51. h7 {[%clk 0:01:31]} Kg7
{[%clk 0:00:15]} 52. h4 {[%clk 0:01:32]} Rd8 {[%clk 0:00:13]} 53. hxg5
{[%clk 0:01:37]} Ne6 {[%clk 0:00:15]} 54. g6 {[%clk 0:01:17]} Ng5
{[%clk 0:00:15]} 55. Bf5 {[%clk 0:01:24]} Re8+ {[%clk 0:00:15]} 56. Kf4
{[%clk 0:01:31]} Ne6+ {[%clk 0:00:13]} 57. Bxe6 {[%clk 0:01:27]} Rxe6
{[%clk 0:00:22]} 58. Rh1 {[%clk 0:01:35]} Re8 {[%clk 0:00:13]} 59. h8=Q+
{[%clk 0:01:30]} 1-0

[Event "Turniej Przyjazni Polsko-Wegierskiej"]
[Site "Katowice"]
[Date "2018.05.05"]
[Round "6.13"]
[White "Bartel, Michal"]
[Black "Walter, Szymon"]
[Result "0-1"]
[BlackElo "2132"]
[WhiteElo "2320"]
[LiveChessVersion "1.4.8"]

1. e4 {[%clk 0:15:18]} c5 {[%clk 0:15:18]} 2. Nf3 {[%clk 0:15:26]} d6
{[%clk 0:15:26]} 3. Bb5+ {[%clk 0:15:35]} Nc6 {[%clk 0:15:28]} 4. O-O
{[%clk 0:15:40]} Nf6 {[%clk 0:15:32]} 5. Re1 {[%clk 0:15:47]} Bd7
{[%clk 0:15:37]} 6. c3 {[%clk 0:15:49]} a6 {[%clk 0:15:40]} 7. Bd3
{[%clk 0:15:55]} Bg4 {[%clk 0:15:38]} 8. Bc2 {[%clk 0:15:19]} Rc8
{[%clk 0:14:29]} 9. h3 {[%clk 0:15:22]} Bh5 {[%clk 0:14:36]} 10. d3
{[%clk 0:15:19]} e6 {[%clk 0:14:38]} 11. Nbd2 {[%clk 0:15:27]} Be7
{[%clk 0:14:42]} 12. Nf1 {[%clk 0:15:27]} O-O {[%clk 0:14:42]} 13. Ng3
{[%clk 0:15:27]} Bg6 {[%clk 0:14:38]} 14. Nh4 {[%clk 0:15:09]} Nd7
{[%clk 0:14:10]} 15. Nxg6 {[%clk 0:15:17]} hxg6 {[%clk 0:14:18]} 16. Be3
{[%clk 0:15:00]} d5 {[%clk 0:13:41]} 17. Qe2 {[%clk 0:11:24]} d4 {[%clk 0:09:57]}
18. Bd2 {[%clk 0:11:33]} dxc3 {[%clk 0:10:00]} 19. bxc3 {[%clk 0:11:35]} b5
{[%clk 0:10:08]} 20. a3 {[%clk 0:09:50]} a5 {[%clk 0:10:00]} 21. f4
{[%clk 0:05:16]} b4 {[%clk 0:09:57]} 22. f5 {[%clk 0:05:24]} bxc3
{[%clk 0:09:32]} 23. Bxc3 {[%clk 0:05:32]} Bf6 {[%clk 0:08:56]} 24. Bxf6
{[%clk 0:04:26]} Qxf6 {[%clk 0:09:01]} 25. Rf1 {[%clk 0:03:22]} Nd4
{[%clk 0:05:22]} 26. Qf2 {[%clk 0:03:18]} Ne5 {[%clk 0:05:07]} 27. Rad1
{[%clk 0:02:58]} exf5 {[%clk 0:03:04]} 28. exf5 {[%clk 0:03:06]} gxf5
{[%clk 0:03:12]} 29. Nxf5 {[%clk 0:03:08]} Nef3+ {[%clk 0:03:13]} 30. Qxf3
{[%clk 0:02:18]} Nxf3+ {[%clk 0:03:21]} 31. Rxf3 {[%clk 0:02:27]} Rb8
{[%clk 0:01:55]} 32. d4 {[%clk 0:01:42]} cxd4 {[%clk 0:01:48]} 33. Rxd4
{[%clk 0:01:51]} Qb6 {[%clk 0:00:58]} 34. Kh2 {[%clk 0:01:41]} g6
{[%clk 0:00:54]} 35. Rg4 {[%clk 0:01:45]} Qc7+ {[%clk 0:01:01]} 36. Rgg3
{[%clk 0:01:45]} Qxc2 {[%clk 0:00:55]} 37. Ne7+ {[%clk 0:01:38]} Kh7
{[%clk 0:01:02]} 38. Rf4 {[%clk 0:01:47]} Rbe8 {[%clk 0:00:44]} 39. Nd5
{[%clk 0:01:51]} Kg7 {[%clk 0:00:29]} 40. Nf6 {[%clk 0:01:55]} Re1
{[%clk 0:00:27]} 41. Nh5+ {[%clk 0:00:53]} Kh6 {[%clk 0:00:36]} 42. Nf6
{[%clk 0:00:59]} Rh1+ {[%clk 0:00:35]} 43. Kxh1 {[%clk 0:01:07]} Qc1+
{[%clk 0:00:44]} 0-1

[Event "Turniej Przyjazni Polsko-Wegierskiej"]
[Site "Katowice"]
[Date "2018.05.05"]
[Round "6.14"]
[White "Sanz Wawer, Daniel"]
[Black "Lewtak, Damian"]
[Result "0-1"]
[BlackElo "2285"]
[WhiteElo "2075"]
[LiveChessVersion "1.4.8"]

1. e4 {[%clk 0:15:18]} d6 {[%clk 0:14:53]} 2. Nc3 {[%clk 0:14:51]} c5
{[%clk 0:14:45]} 3. Nf3 {[%clk 0:14:58]} e5 {[%clk 0:14:10]} 4. Bc4
{[%clk 0:14:11]} Be6 {[%clk 0:13:23]} 5. Nd5 {[%clk 0:12:12]} Nf6
{[%clk 0:13:01]} 6. Qe2 {[%clk 0:11:52]} Nxd5 {[%clk 0:12:18]} 7. exd5
{[%clk 0:11:55]} Bg4 {[%clk 0:11:27]} 8. c3 {[%clk 0:11:32]} Be7 {[%clk 0:10:52]}
9. d4 {[%clk 0:09:40]} cxd4 {[%clk 0:10:25]} 10. cxd4 {[%clk 0:09:47]} exd4
{[%clk 0:09:45]} 11. Qe4 {[%clk 0:08:26]} Bxf3 {[%clk 0:09:18]} 12. gxf3
{[%clk 0:08:12]} O-O {[%clk 0:09:25]} 13. Bd3 {[%clk 0:06:52]} g6
{[%clk 0:09:34]} 14. Qxd4 {[%clk 0:06:37]} Bf6 {[%clk 0:08:32]} 15. Qb4
{[%clk 0:05:45]} Re8+ {[%clk 0:08:39]} 16. Be3 {[%clk 0:05:47]} Na6
{[%clk 0:08:37]} 17. Bxa6 {[%clk 0:03:20]} bxa6 {[%clk 0:08:45]} 18. Qd2
{[%clk 0:03:29]} Rb8 {[%clk 0:08:10]} 19. Rb1 {[%clk 0:03:36]} Bg5
{[%clk 0:07:24]} 20. Kf1 {[%clk 0:00:52]} Bxe3 {[%clk 0:06:46]} 21. fxe3
{[%clk 0:01:00]} Qg5 {[%clk 0:06:54]} 22. Re1 {[%clk 0:00:13]} Qf6
{[%clk 0:06:57]} 23. f4 {[%clk 0:00:15]} Rxb2 {[%clk 0:06:59]} 24. Qd3
{[%clk 0:00:23]} Reb8 {[%clk 0:03:40]} 25. Re2 {[%clk 0:00:13]} Rxe2
{[%clk 0:03:46]} 26. Kxe2 {[%clk 0:00:21]} Rb2+ {[%clk 0:03:52]} 27. Kf3
{[%clk 0:00:17]} Qh4 {[%clk 0:03:50]} 28. Qf1 {[%clk 0:00:16]} Qh5+
{[%clk 0:03:32]} 29. Kg3 {[%clk 0:00:15]} Qxd5 {[%clk 0:03:29]} 30. Rg1
{[%clk 0:00:22]} h5 {[%clk 0:03:02]} 31. Qc1 {[%clk 0:00:13]} Rxa2
{[%clk 0:02:41]} 32. Qc8+ {[%clk 0:00:15]} Kg7 {[%clk 0:02:35]} 33. Qc3+
{[%clk 0:00:23]} Kh7 {[%clk 0:02:43]} 34. Qf6 {[%clk 0:00:25]} Re2
{[%clk 0:02:13]} 0-1

[Event "Turniej Przyjazni Polsko-Wegierskiej"]
[Site "Katowice"]
[Date "2018.05.05"]
[Round "6.15"]
[White "Kyc, Jerzy"]
[Black "Raszka, Janusz"]
[Result "0-1"]
[BlackElo "2125"]
[WhiteElo "2267"]
[LiveChessVersion "1.4.8"]

1. e4 {[%clk 0:15:19]} e6 {[%clk 0:15:17]} 2. d4 {[%clk 0:15:28]} d5
{[%clk 0:15:25]} 3. Nd2 {[%clk 0:15:37]} Nf6 {[%clk 0:15:32]} 4. e5
{[%clk 0:15:46]} Nfd7 {[%clk 0:15:40]} 5. Bd3 {[%clk 0:15:55]} c5
{[%clk 0:15:48]} 6. c3 {[%clk 0:16:04]} Nc6 {[%clk 0:15:55]} 7. Ne2
{[%clk 0:16:12]} Qb6 {[%clk 0:15:52]} 8. Nf3 {[%clk 0:16:19]} cxd4
{[%clk 0:15:59]} 9. cxd4 {[%clk 0:16:27]} f6 {[%clk 0:16:07]} 10. exf6
{[%clk 0:16:30]} Nxf6 {[%clk 0:16:15]} 11. O-O {[%clk 0:16:28]} Bd6
{[%clk 0:16:21]} 12. Bf4 {[%clk 0:15:54]} Bxf4 {[%clk 0:16:29]} 13. Nxf4
{[%clk 0:16:02]} Qxb2 {[%clk 0:15:36]} 14. Re1 {[%clk 0:15:50]} O-O
{[%clk 0:15:35]} 15. Rb1 {[%clk 0:13:45]} Qxa2 {[%clk 0:15:08]} 16. Nxe6
{[%clk 0:10:03]} Bxe6 {[%clk 0:15:15]} 17. Rxe6 {[%clk 0:10:10]} Rab8
{[%clk 0:14:18]} 18. Bb5 {[%clk 0:08:03]} Ne4 {[%clk 0:13:31]} 19. Bxc6
{[%clk 0:05:33]} Qxf2+ {[%clk 0:12:42]} 20. Kh1 {[%clk 0:05:42]} bxc6
{[%clk 0:12:01]} 21. Rxb8 {[%clk 0:04:02]} Rxb8 {[%clk 0:12:08]} 22. Rxc6
{[%clk 0:03:53]} Qxf3 {[%clk 0:11:06]} 23. Qc1 {[%clk 0:02:37]} Qf5
{[%clk 0:10:34]} 24. h3 Rb1 {[%clk 0:09:23]} 25. Rc8+ {[%clk 0:01:35]} Kf7 26.
Rc7+ {[%clk 0:01:38]} Kg6 {[%clk 0:09:37]} 27. Rc6+ {[%clk 0:01:42]} Nf6
{[%clk 0:09:43]} 0-1

[Event "Turniej Przyjazni Polsko-Wegierskiej"]
[Site "Katowice"]
[Date "2018.05.05"]
[Round "6.16"]
[White "Marczak, Szymon"]
[Black "Majdan, Joanna"]
[Result "1/2-1/2"]
[BlackElo "2260"]
[WhiteElo "1687"]
[LiveChessVersion "1.4.8"]

1. e4 {[%clk 0:15:18]} c5 {[%clk 0:15:19]} 2. Nf3 {[%clk 0:15:24]} Nc6
{[%clk 0:15:21]} 3. Bb5 {[%clk 0:15:32]} e6 {[%clk 0:15:10]} 4. O-O
{[%clk 0:15:31]} Nge7 {[%clk 0:15:17]} 5. Re1 {[%clk 0:15:17]} a6
{[%clk 0:15:25]} 6. Bf1 {[%clk 0:15:20]} Qc7 {[%clk 0:15:24]} 7. c4
{[%clk 0:14:29]} Ng6 {[%clk 0:15:20]} 8. b3 {[%clk 0:13:12]} Bd6 {[%clk 0:15:20]}
9. Bb2 {[%clk 0:12:55]} O-O {[%clk 0:15:08]} 10. h3 {[%clk 0:12:10]} b6
{[%clk 0:15:07]} 11. d4 {[%clk 0:11:34]} cxd4 {[%clk 0:14:40]} 12. Nxd4
{[%clk 0:10:25]} Bb7 {[%clk 0:12:43]} 13. Nxc6 {[%clk 0:08:55]} dxc6
{[%clk 0:12:33]} 14. Nd2 {[%clk 0:08:45]} Rad8 {[%clk 0:12:28]} 15. Qc2
{[%clk 0:08:48]} c5 {[%clk 0:11:16]} 16. Nf3 {[%clk 0:08:24]} Ne5
{[%clk 0:11:09]} 17. Be2 {[%clk 0:07:16]} Nxf3+ {[%clk 0:08:55]} 18. Bxf3
{[%clk 0:07:25]} Be5 {[%clk 0:09:04]} 19. Rad1 {[%clk 0:07:12]} Bd4
{[%clk 0:09:12]} 20. Bxd4 {[%clk 0:06:14]} Rxd4 {[%clk 0:09:09]} 21. Rxd4
{[%clk 0:06:20]} cxd4 {[%clk 0:09:18]} 22. e5 {[%clk 0:06:03]} Bxf3
{[%clk 0:09:08]} 23. gxf3 {[%clk 0:06:12]} f5 {[%clk 0:08:33]} 24. f4
{[%clk 0:05:43]} Rd8 {[%clk 0:08:02]} 25. Rd1 {[%clk 0:05:45]} Qc6
{[%clk 0:08:02]} 26. Qd3 {[%clk 0:04:57]} Kf7 {[%clk 0:07:35]} 27. a4
{[%clk 0:04:50]} a5 {[%clk 0:07:20]} 28. Kh2 {[%clk 0:03:50]} Qe4
{[%clk 0:06:44]} 29. Kg3 {[%clk 0:03:25]} h5 {[%clk 0:06:41]} 30. h4
{[%clk 0:03:13]} Rd7 {[%clk 0:06:18]} 31. f3 {[%clk 0:02:50]} Qxd3
{[%clk 0:05:03]} 32. Rxd3 {[%clk 0:02:58]} Ke7 {[%clk 0:05:12]} 33. Kf2
{[%clk 0:03:00]} Kd8 {[%clk 0:05:21]} 34. Ke2 {[%clk 0:02:55]} Kc7
{[%clk 0:05:29]} 35. Kd2 {[%clk 0:02:14]} Kc6 {[%clk 0:05:37]} 36. Kc2
{[%clk 0:02:17]} Kc5 {[%clk 0:05:46]} 37. Kb2 {[%clk 0:02:22]} Rd8
{[%clk 0:05:45]} 38. Ka3 {[%clk 0:02:27]} 1/2-1/2

[Event "Turniej Przyjazni Polsko-Wegierskiej"]
[Site "Katowice"]
[Date "2018.05.05"]
[Round "6.17"]
[White "Dziodzio, Angelika"]
[Black "Kempinski, Robert"]
[Result "0-1"]
[BlackElo "2583"]
[WhiteElo "2077"]
[LiveChessVersion "1.4.8"]

1. e4 {[%clk 0:15:18]} c5 {[%clk 0:14:06]} 2. Nf3 {[%clk 0:15:15]} d6
{[%clk 0:14:11]} 3. d4 {[%clk 0:15:21]} cxd4 {[%clk 0:14:17]} 4. Nxd4
{[%clk 0:15:16]} Nf6 {[%clk 0:14:23]} 5. f3 {[%clk 0:15:20]} e6 {[%clk 0:14:16]}
6. c4 {[%clk 0:15:20]} Be7 {[%clk 0:14:22]} 7. Nc3 {[%clk 0:15:25]} O-O
{[%clk 0:14:27]} 8. Be3 {[%clk 0:15:27]} Nbd7 {[%clk 0:14:18]} 9. Be2
{[%clk 0:15:28]} d5 {[%clk 0:14:18]} 10. O-O {[%clk 0:12:48]} e5 {[%clk 0:13:52]}
11. cxd5 {[%clk 0:12:21]} exd4 {[%clk 0:13:59]} 12. Bxd4 {[%clk 0:12:22]} Bc5
{[%clk 0:12:51]} 13. Bxc5 {[%clk 0:11:51]} Nxc5 {[%clk 0:12:58]} 14. e5
{[%clk 0:10:45]} Nfd7 {[%clk 0:13:01]} 15. Qd4 {[%clk 0:09:23]} Qb6
{[%clk 0:12:43]} 16. f4 {[%clk 0:08:45]} Na4 {[%clk 0:11:28]} 17. Qxb6
{[%clk 0:08:34]} Ndxb6 {[%clk 0:11:14]} 18. Nxa4 {[%clk 0:08:30]} Nxa4
{[%clk 0:11:21]} 19. b3 {[%clk 0:08:26]} Nc3 {[%clk 0:09:56]} 20. Bf3
{[%clk 0:08:30]} Bd7 {[%clk 0:09:13]} 21. Rfe1 {[%clk 0:05:29]} Rfe8
{[%clk 0:08:49]} 22. Re3 {[%clk 0:04:37]} Rac8 {[%clk 0:08:37]} 23. a3
{[%clk 0:02:43]} Rc5 {[%clk 0:08:23]} 24. b4 {[%clk 0:02:35]} Rc4
{[%clk 0:08:20]} 25. g3 {[%clk 0:02:32]} Kf8 {[%clk 0:07:51]} 26. Rae1
{[%clk 0:02:30]} g6 {[%clk 0:06:59]} 27. Kg2 {[%clk 0:02:32]} Nb5
{[%clk 0:07:03]} 28. Be2 {[%clk 0:02:15]} Rc2 {[%clk 0:06:42]} 29. Kg1
{[%clk 0:02:24]} Nd4 {[%clk 0:06:26]} 30. Bf1 {[%clk 0:02:05]} Rd2
{[%clk 0:06:25]} 31. Rc1 {[%clk 0:01:32]} Bg4 {[%clk 0:06:18]} 32. Rcc3
{[%clk 0:01:15]} Be2 {[%clk 0:05:40]} 33. Rc1 {[%clk 0:00:36]} Bxf1
{[%clk 0:05:23]} 34. Rxf1 {[%clk 0:00:33]} Nf5 {[%clk 0:05:28]} 35. Rc3
{[%clk 0:00:12]} Rxd5 {[%clk 0:05:33]} 36. Rc7 {[%clk 0:00:21]} Re7
{[%clk 0:05:26]} 37. Rfc1 {[%clk 0:00:29]} Rd1+ {[%clk 0:04:59]} 38. Kf2
{[%clk 0:00:32]} Rxc1 {[%clk 0:04:56]} 39. Rxc1 {[%clk 0:00:40]} Rd7
{[%clk 0:04:40]} 40. Rc3 {[%clk 0:00:49]} h5 {[%clk 0:04:45]} 41. Kf3
{[%clk 0:00:50]} Ke7 {[%clk 0:04:33]} 42. h3 {[%clk 0:00:56]} Nd4+
{[%clk 0:04:25]} 43. Ke3 {[%clk 0:00:59]} Nb5 {[%clk 0:04:18]} 44. Rb3
{[%clk 0:01:02]} Rd1 {[%clk 0:04:05]} 45. a4 {[%clk 0:01:02]} Nc7
{[%clk 0:04:14]} 46. g4 {[%clk 0:00:59]} hxg4 {[%clk 0:04:02]} 47. hxg4
{[%clk 0:01:08]} Rg1 {[%clk 0:04:10]} 48. Kf3 {[%clk 0:01:10]} Ne6
{[%clk 0:04:18]} 0-1

[Event "Turniej Przyjazni Polsko-Wegierskiej"]
[Site "Katowice"]
[Date "2018.05.05"]
[Round "6.18"]
[White "Mista, Aleksander"]
[Black "Kot, Jerzy"]
[Result "1-0"]
[BlackElo "2039"]
[WhiteElo "2548"]
[LiveChessVersion "1.4.8"]

1. e4 {[%clk 0:15:18]} c6 {[%clk 0:15:19]} 2. d4 {[%clk 0:15:27]} g6
{[%clk 0:15:28]} 3. Nc3 {[%clk 0:15:35]} Bg7 {[%clk 0:15:37]} 4. Nf3
{[%clk 0:15:37]} Nf6 {[%clk 0:15:28]} 5. Bd3 {[%clk 0:15:30]} O-O
{[%clk 0:15:29]} 6. e5 {[%clk 0:15:07]} Ne8 {[%clk 0:15:21]} 7. h4
{[%clk 0:15:13]} h5 {[%clk 0:15:21]} 8. Bf4 {[%clk 0:14:49]} d6 {[%clk 0:15:28]}
9. Qe2 {[%clk 0:14:51]} Bg4 {[%clk 0:15:36]} 10. O-O-O {[%clk 0:14:56]} Nd7
{[%clk 0:15:21]} 11. Qe3 {[%clk 0:13:54]} c5 {[%clk 0:14:07]} 12. dxc5
{[%clk 0:12:42]} Bxf3 {[%clk 0:13:35]} 13. exd6 {[%clk 0:11:42]} e5
{[%clk 0:13:32]} 14. Bg5 {[%clk 0:11:33]} f6 {[%clk 0:13:27]} 15. gxf3
{[%clk 0:11:12]} fxg5 {[%clk 0:11:26]} 16. Nd5 {[%clk 0:11:20]} Bf6
{[%clk 0:10:05]} 17. Qe4 {[%clk 0:09:42]} Rf7 {[%clk 0:10:11]} 18. Qxg6+
{[%clk 0:09:50]} Rg7 {[%clk 0:10:20]} 19. Qxh5 {[%clk 0:09:58]} Nxc5
{[%clk 0:10:27]} 20. Ne7+ {[%clk 0:08:37]} Rxe7 {[%clk 0:09:57]} 21. dxe7
{[%clk 0:05:27]} Qxe7 {[%clk 0:10:02]} 22. Bc4+ {[%clk 0:05:14]} Ne6
{[%clk 0:09:47]} 23. hxg5 {[%clk 0:05:21]} Bxg5+ {[%clk 0:09:55]} 24. Kb1
{[%clk 0:05:30]} Rc8 {[%clk 0:09:01]} 25. Qh8+ {[%clk 0:04:57]} 1-0

[Event "Turniej Przyjazni Polsko-Wegierskiej"]
[Site "Katowice"]
[Date "2018.05.05"]
[Round "6.19"]
[White "Omelja, Artem"]
[Black "Lewtak, Dominik"]
[Result "1-0"]
[BlackElo "2019"]
[WhiteElo "2483"]
[LiveChessVersion "1.4.8"]

1. d4 {[%clk 0:15:17]} d5 {[%clk 0:15:17]} 2. c4 {[%clk 0:15:25]} c6
{[%clk 0:15:26]} 3. Nf3 {[%clk 0:15:31]} Nf6 {[%clk 0:15:34]} 4. e3
{[%clk 0:15:24]} e6 {[%clk 0:15:35]} 5. b3 {[%clk 0:15:21]} Bb4+ {[%clk 0:15:38]}
6. Nbd2 {[%clk 0:14:53]} Nbd7 {[%clk 0:15:30]} 7. Bb2 {[%clk 0:14:52]} O-O
{[%clk 0:15:30]} 8. Bd3 {[%clk 0:14:08]} b6 {[%clk 0:15:25]} 9. O-O
{[%clk 0:14:06]} Bb7 {[%clk 0:15:26]} 10. e4 {[%clk 0:12:47]} dxe4
{[%clk 0:14:32]} 11. Nxe4 {[%clk 0:12:54]} Be7 {[%clk 0:14:40]} 12. Qe2
{[%clk 0:11:51]} c5 {[%clk 0:14:35]} 13. Neg5 {[%clk 0:11:28]} cxd4
{[%clk 0:12:19]} 14. Nxd4 {[%clk 0:10:55]} Nc5 {[%clk 0:11:14]} 15. Bc2
{[%clk 0:10:58]} h6 {[%clk 0:10:44]} 16. Ngxe6 {[%clk 0:09:54]} Nxe6
{[%clk 0:10:30]} 17. Nxe6 {[%clk 0:10:03]} fxe6 {[%clk 0:10:39]} 18. Qxe6+
{[%clk 0:10:06]} Kh8 {[%clk 0:10:46]} 19. Rad1 {[%clk 0:04:33]} Qe8
{[%clk 0:06:10]} 20. Qf5 {[%clk 0:02:07]} Bc8 {[%clk 0:06:14]} 21. Qd3
{[%clk 0:01:39]} Qd7 {[%clk 0:05:25]} 22. Qf3 {[%clk 0:01:09]} Qb7
{[%clk 0:05:29]} 23. Qg3 {[%clk 0:00:57]} Be6 {[%clk 0:04:38]} 24. Rfe1
{[%clk 0:00:38]} Bg8 {[%clk 0:04:32]} 25. Rd4 {[%clk 0:00:20]} Bb4
{[%clk 0:04:27]} 26. Red1 {[%clk 0:00:21]} Bh7 {[%clk 0:04:25]} 27. Rd7
{[%clk 0:00:24]} Qxd7 {[%clk 0:03:36]} 28. Rxd7 {[%clk 0:00:31]} Rg8
{[%clk 0:03:46]} 29. Bxh7 {[%clk 0:00:29]} Nxd7 {[%clk 0:03:52]} 30. Bxg8
{[%clk 0:00:15]} Rxg8 {[%clk 0:04:00]} 31. Qg6 {[%clk 0:00:22]} Nf8
{[%clk 0:03:51]} 32. Qxh6+ {[%clk 0:00:25]} Nh7 {[%clk 0:04:00]} 33. Qg6
{[%clk 0:00:29]} Bc5 {[%clk 0:04:05]} 34. g3 {[%clk 0:00:33]} 1-0